| 000 | 00834nam a22002057a 4500 | ||
|---|---|---|---|
| 999 |
_c15534 _d15534 |
||
| 003 | AR-CdUCM | ||
| 008 | 190429b ||||| |||| 00| 0 spa d | ||
| 040 |
_aMUNICIPALIDAD PROVINCIAL DEL CUSCO _cBIBLIOTECA MUNICIPAL DEL CUSCO |
||
| 082 |
_a347.10 / _bAC21 / 1923 |
||
| 245 |
_aActas de las sesiones de la Comisión Reformadora del Código Civil Peruano : _bCreada por Supremo Decreto de 26 de Agosto de 1922 / |
||
| 260 |
_aLima : _bEl Progreso Editorial, _c1923. |
||
| 300 |
_a292, VII páginas ; _c21 cm. |
||
| 440 |
_aPrimer Fasciculo. _n1 a 44 _934635 |
||
| 505 | _aContenido: Resolución Suprema nombrando la "Comisión Reformadora del Código Civil Peruano" -- Actas de instalación. | ||
| 650 |
_aCódigo Civil _911272 |
||
| 650 |
_aDerecho _9739 |
||
| 650 |
_aPerú _935 |
||
| 942 |
_2ddc _cLIBROS |
||
| 945 |
_aachl _d2019-04-29 |
||